| 000 | 00712cam a2200253 a 4500 | ||
|---|---|---|---|
| 008 | |||
| 020 | _a1861564562 (pbk.) | ||
| 049 | _aMAIN | ||
| 090 |
_aRB127 _bBEY |
||
| 245 | 0 | 0 |
_aBeyond pain / _cedited by Pat Schofield. |
| 260 |
_aLondon : _bWhurr, _c2005. |
||
| 300 |
_ax, 255 p. : _bill. ; _c24 cm. |
||
| 500 | _aIncludes index. | ||
| 504 | _aIncludes bibliographical references. | ||
| 650 | 0 | _aChronic pain. | |
| 650 | 0 |
_aPain _xPhysiological aspects. |
|
| 650 | 0 |
_aChronic pain _xTreatment. |
|
| 700 | 1 | _aSchofield, Pat. | |
| 907 |
_a.b10296906 _b06-12-11 _c23-05-11 |
||
| 003 | |||
| 005 | 20230120204102.0 | ||
| 040 | _cNUST | ||
| 942 |
_cBOOKS _kRB127 _mBEY |
||
| 999 |
_c116851 _d116851 |
||